| 000 | 02560nam1a2200289 i 4500 | ||
|---|---|---|---|
| 001 | RU\NLR\BIBL_A\012052539 | ||
| 005 | 20260408020033.0 | ||
| 035 | _a(NLR Aleph) 012052539 | ||
| 090 |
_a11658694 _c11658694 |
||
| 100 | _a20190704d2019 km y0rusy50 ca | ||
| 101 | 0 | _arus | |
| 102 | _aRU | ||
| 105 | _a||||z|||||||| | ||
| 200 | 1 |
_aАктуальные проблемы и инновации в обеспечении безопасности _eматериалы Дней науки с международным участием (3-7 декабря 2018 г.), посвященных 90-летию со дня образования Уральского института ГПС МЧС России _e[в 2-х частях] _fМЧС России, Федеральное государственное бюджетное образовательное учреждение высшего образования "Уральский институт государственной противопожарной службы Министерства Российской Федерации по делам гражданской обороны, чрезвычайным ситуациям и ликвидации последствий стихийных бедствий" _g[составители: кандидат педагогических наук, доцент, действительный член (академик) ВАНКБ Порхачев М.Ю. и другие] |
|
| 210 |
_aЕкатеринбург _cРедакционно-издательский отдел Уральского института ГПС МЧС России _d2019 |
||
| 215 | _d21 | ||
| 320 | _aБиблиогр. в конце ст. | ||
| 606 |
_aПожарная охрана _jСъезды, совещания и т.п _9904326 _3RU\NLR\AUTH\669327 |
||
| 686 | 1 | _aН96я431 | |
| 702 | 1 |
_aПорхачев _bМ. Ю. _gМихаил Юрьевич _4220 |
|
| 711 | 1 | 2 |
_a"Актуальные проблемы и инновации в обеспечении безопасности", дни науки с международным участием _eЕкатеринбург _f2018 _9669962 _3RU\NLR\AUTH\880505025 |
| 712 | 0 | 2 |
_4475 _aУральский институт государственной противопожарной службы _cЕкатеринбург _3RU\NLR\AUTH\8810179374 _9854912 |
| 852 |
_aNLR _j2019-3/17786 |
||
| 942 | _cBOOK | ||